[Event "Mistrovstvi CR senioru nad 60 let"]
[Site "Rychnov nad Kneznou"]
[Date "2015.08.19"]
[Round "5.10"]
[White "Truksa, Vaclav"]
[Black "Dolezal, Radoslav"]
[Result "1/2-1/2"]
[WhiteElo "1857"]
[BlackElo "1964"]
[PlyCount "30"]
[EventDate "2015.08.15"]

1. d4 d5 2. Nf3 g6 3. g3 Nf6 4. Bg2 Bg7 5. O-O O-O 6. Nbd2 Nbd7 7. c3 Re8 8. e4
dxe4 9. Ng5 e5 10. dxe5 Nxe5 11. Ngxe4 Nd3 12. Nxf6+ Bxf6 13. Ne4 Nxc1 14.
Nxf6+ Qxf6 15. Rxc1 c6 1/2-1/2

[Event "Mistrovstvi CR senioru nad 60 let"]
[Site "Rychnov nad Kneznou"]
[Date "2015.08.19"]
[Round "5.11"]
[White "Urbanec, Vladimir"]
[Black "Briza, Jiri"]
[Result "0-1"]
[WhiteElo "1501"]
[BlackElo "1947"]
[PlyCount "30"]
[EventDate "2015.08.15"]

1. f4 e5 2. fxe5 d6 3. exd6 Bxd6 4. Nf3 Nh6 5. d4 Ng4 6. Bg5 f6 7. Bd2 Bxh2 8.
Nxh2 Qd6 9. Bc1 Qg3+ 10. Kd2 Qe3+ 11. Ke1 Qf2+ 12. Kd2 Qxd4+ 13. Ke1 Qf2+ 14.
Kd2 O-O 15. Kc3 Qc5+ 0-1

[Event "Mistrovstvi CR senioru nad 60 let"]
[Site "Rychnov nad Kneznou"]
[Date "2015.08.19"]
[Round "5.12"]
[White "Sibl, Vaclav"]
[Black "Franc, Lubor"]
[Result "1/2-1/2"]
[WhiteElo "1936"]
[BlackElo "1841"]
[PlyCount "41"]
[EventDate "2015.08.15"]

1. d4 Nf6 2. Bf4 e6 3. e3 c5 4. Nf3 Qa5+ 5. c3 cxd4 6. exd4 Be7 7. Bd3 d6 8. h3
a6 9. O-O Bd7 10. Nbd2 Bc6 11. Re1 O-O 12. Qe2 Re8 13. Bc2 Qd8 14. Qd3 g6 15.
Rad1 Nh5 16. Bh2 Nd7 17. Ne4 Ndf6 18. Nxf6+ Bxf6 19. Qe2 Rc8 20. Be4 Qd7 21.
Bxc6 1/2-1/2

[Event "Mistrovstvi CR senioru nad 60 let"]
[Site "Rychnov nad Kneznou"]
[Date "2015.08.19"]
[Round "5.13"]
[White "Splitek, Lubos"]
[Black "Pavlis, Jaromir"]
[Result "1/2-1/2"]
[WhiteElo "1777"]
[BlackElo "1923"]
[PlyCount "37"]
[EventDate "2015.08.15"]

1. e4 c6 2. d4 d5 3. e5 Bf5 4. Ne2 e6 5. Ng3 Bg6 6. h4 h6 7. h5 Bh7 8. Nd2 Nd7
9. Nf3 c5 10. Bd3 Bxd3 11. Qxd3 cxd4 12. O-O Qb6 13. Ne2 Bc5 14. a3 a5 15. Bd2
a4 16. Rfb1 Qa6 17. Qxa6 Rxa6 18. Bf4 Ne7 19. Nexd4 1/2-1/2

[Event "Mistrovstvi CR senioru nad 60 let"]
[Site "Rychnov nad Kneznou"]
[Date "2015.08.19"]
[Round "5.14"]
[White "Vlachopulos, Georgis"]
[Black "Mares, Ilja"]
[Result "1-0"]
[WhiteElo "1878"]
[BlackElo "1787"]
[PlyCount "41"]
[EventDate "2015.08.15"]

1. e4 d6 2. d4 Nf6 3. Nc3 g6 4. Nf3 Bg7 5. Bg5 Bg4 6. h3 Bd7 7. e5 dxe5 8. dxe5
Ng8 9. Bc4 Qc8 10. Qe2 e6 11. O-O-O Nc6 12. Rd2 h6 13. Bh4 g5 14. Bg3 Nge7 15.
Rhd1 Nb8 16. Ne4 O-O 17. Nf6+ Bxf6 18. exf6 Ng6 19. Ne5 Nxe5 20. Bxe5 Bc6 21.
Qh5 1-0

[Event "Mistrovstvi CR senioru nad 60 let"]
[Site "Rychnov nad Kneznou"]
[Date "2015.08.19"]
[Round "5.16"]
[White "Pittermann, Jan"]
[Black "Hlavac, Frantisek"]
[Result "1/2-1/2"]
[WhiteElo "1832"]
[BlackElo "2010"]
[PlyCount "22"]
[EventDate "2015.08.15"]

1. e4 c5 2. d4 cxd4 3. c3 dxc3 4. Nxc3 Nc6 5. Nf3 d6 6. Bc4 e6 7. O-O Be7 8.
Qe2 Nf6 9. Rd1 Qc7 10. a3 O-O 11. b4 a6 1/2-1/2

[Event "Mistrovstvi CR senioru nad 60 let"]
[Site "Rychnov nad Kneznou"]
[Date "2015.08.19"]
[Round "5.17"]
[White "Vesely, Emanuel"]
[Black "Kotva, Milan"]
[Result "0-1"]
[WhiteElo "1813"]
[BlackElo "2006"]
[PlyCount "144"]
[EventDate "2015.08.15"]

1. Nf3 d5 2. g3 Nf6 3. Bg2 Bf5 4. d4 e6 5. O-O Be7 6. c4 c6 7. b3 O-O 8. Bb2
Nbd7 9. Nh4 Bxb1 10. Rxb1 Ne4 11. Nf3 Qa5 12. Ra1 Bf6 13. Ne5 Rfd8 14. f4 Nd6
15. c5 Nf5 16. Qd3 Be7 17. Bc3 Qc7 18. b4 f6 19. Nf3 g6 20. Rab1 Re8 21. Rfe1
Bf8 22. e4 dxe4 23. Rxe4 Bg7 24. Rbe1 Nf8 25. Qc4 Qf7 26. Nd2 Ne7 27. R4e2 f5
28. Nf3 h6 29. Ne5 Bxe5 30. Rxe5 Nd5 31. Bxd5 exd5 32. Qe2 Rxe5 33. fxe5 Ne6
34. Qe3 g5 35. Rf1 Rf8 36. Qd3 a6 37. Bd2 Qh5 38. Be3 Qg4 39. Kg2 Qe4+ 40. Qxe4
dxe4 41. Re1 f4 42. Bxf4 gxf4 43. Rxe4 f3+ 44. Kf2 Ng5 45. Rg4 Kh7 46. h4 Ne6
47. Re4 h5 48. g4 hxg4 49. Rxg4 Kh6 50. a4 Kh5 51. Re4 Rf7 52. b5 axb5 53. axb5
cxb5 54. d5 Nxc5 55. Re3 b4 56. e6 Re7 57. Re5+ Kg4 58. d6 Rxe6 59. Rxc5 Re2+
60. Kf1 Rd2 61. Rb5 Kg3 62. Ke1 Rxd6 63. Rg5+ Kxh4 64. Rg7 Rb6 65. Rh7+ Kg3 66.
Rg7+ Kf4 67. Rf7+ Ke3 68. Re7+ Kd3 69. Rd7+ Kc2 70. Rc7+ Rc6 71. Rxb7 b3 72.
Rh7 b2 0-1

[Event "Mistrovstvi CR senioru nad 60 let"]
[Site "Rychnov nad Kneznou"]
[Date "2015.08.19"]
[Round "5.18"]
[White "Kolek, Josef"]
[Black "Zboril, Jaroslav"]
[Result "0-1"]
[WhiteElo "1798"]
[BlackElo "1998"]
[PlyCount "80"]
[EventDate "2015.08.15"]

1. e4 d6 2. d4 Nf6 3. Nc3 e5 4. dxe5 dxe5 5. Qxd8+ Kxd8 6. Bg5 Be6 7. O-O-O+
Nbd7 8. Nf3 Bd6 9. h3 h6 10. Bh4 g5 11. Bg3 Ke7 12. Bd3 Nh5 13. Nd2 Nxg3 14.
fxg3 c6 15. Bc4 Bb4 16. Bxe6 Kxe6 17. Ndb1 Rad8 18. a3 Bc5 19. b4 Be3+ 20. Kb2
Nf6 21. Kb3 Rd4 22. Rd3 Rxd3 23. cxd3 Rd8 24. Kc2 Nh5 25. Ne2 a5 26. Nd2 axb4
27. axb4 Ra8 28. Rd1 Ra2+ 29. Kc3 b5 30. g4 Nf4 31. Nxf4+ gxf4 32. h4 Bd4+ 33.
Kb3 Rb2+ 34. Ka3 Rc2 35. Nf3 Rxg2 36. g5 hxg5 37. h5 Kf6 38. h6 Kg6 39. Rh1 Kh7
40. Rh5 f6 0-1

[Event "Mistrovstvi CR senioru nad 60 let"]
[Site "Rychnov nad Kneznou"]
[Date "2015.08.19"]
[Round "5.19"]
[White "Sedlacek, Jan"]
[Black "Laska, Zdenek"]
[Result "1-0"]
[WhiteElo "1909"]
[BlackElo "1797"]
[PlyCount "108"]
[EventDate "2015.08.15"]

1. e4 c5 2. Nf3 d6 3. d4 cxd4 4. Nxd4 Nf6 5. Nc3 a6 6. Be2 e6 7. O-O Be7 8. Be3
O-O 9. Kh1 Qc7 10. f4 b5 11. Bf3 Bb7 12. a3 Nc6 13. Qe1 Rac8 14. Qg3 Kh8 15.
Rad1 Na5 16. f5 e5 17. Nde2 Nc4 18. Bc1 Qc5 19. Rd3 b4 20. axb4 Qxb4 21. b3 Nb6
22. Bd2 Qc5 23. Be3 Qb4 24. Ra1 Ra8 25. Qf2 Nfd7 26. Na4 Nxa4 27. Rxa4 Qb5 28.
Nc3 Qc6 29. Nd5 Bd8 30. Rc3 Nc5 31. Bxc5 dxc5 32. Qxc5 Qxc5 33. Rxc5 Bxd5 34.
exd5 a5 35. g4 Bb6 36. Rc6 Rab8 37. Be4 Rfc8 38. Rac4 Rd8 39. Kg2 Kg8 40. h4 f6
41. Re6 Rd7 42. Rcc6 Bd8 43. Rc4 Kf8 44. Kf3 Bc7 45. Rec6 Bd8 46. Ke2 Ke7 47.
Re6+ Kf8 48. Ra6 Ke7 49. Rcc6 Ke8 50. Re6+ Kf8 51. d6 Rb6 52. Rxb6 Bxb6 53. Bc6
Rd8 54. d7 Bc7 1-0

[Event "Mistrovstvi CR senioru nad 60 let"]
[Site "Rychnov nad Kneznou"]
[Date "2015.08.19"]
[Round "5.20"]
[White "Portych, Vaclav"]
[Black "Burdilak, Milan"]
[Result "1-0"]
[WhiteElo "1890"]
[BlackElo "1743"]
[PlyCount "55"]
[EventDate "2015.08.15"]

1. c4 c5 2. Nf3 Nc6 3. g3 e5 4. Nc3 Nf6 5. Bg2 Bd6 6. O-O a6 7. e3 O-O 8. d4
exd4 9. exd4 cxd4 10. Nxd4 Bc5 11. Be3 Bb4 12. Rc1 Re8 13. Nb3 Bxc3 14. Rxc3
Ne4 15. Rd3 Nd4 16. Rxd4 Ng5 17. Qd2 Ne6 18. Rd6 Qc7 19. Qd5 b5 20. Rxe6 dxe6
21. Qxa8 bxc4 22. Qc6 Re7 23. Rc1 Qxc6 24. Bxc6 Rc7 25. Bg2 f6 26. Bf1 Kf8 27.
Rxc4 Rxc4 28. Bxc4 1-0

[Event "Mistrovstvi CR senioru nad 60 let"]
[Site "Rychnov nad Kneznou"]
[Date "2015.08.19"]
[Round "5.21"]
[White "Vlachopulos, Elefteris"]
[Black "Miciak, Emanuel"]
[Result "1/2-1/2"]
[WhiteElo "1798"]
[BlackElo "1889"]
[PlyCount "25"]
[EventDate "2015.08.15"]

1. d4 Nf6 2. Nf3 g6 3. c4 Bg7 4. Nc3 O-O 5. e4 d6 6. Be2 c5 7. d5 Nbd7 8. O-O
Ng4 9. Bg5 Nge5 10. Qd2 Nxf3+ 11. Bxf3 Ne5 12. Be2 f6 13. Bh6 1/2-1/2

[Event "Mistrovstvi CR senioru nad 60 let"]
[Site "Rychnov nad Kneznou"]
[Date "2015.08.19"]
[Round "5.22"]
[White "Klimes, Jiri"]
[Black "Palla, Stanislav"]
[Result "1/2-1/2"]
[WhiteElo "1882"]
[BlackElo "1738"]
[PlyCount "35"]
[EventDate "2015.08.15"]

1. e4 c5 2. Nf3 e6 3. d4 cxd4 4. Nxd4 Nf6 5. Nc3 Bb4 6. Bd3 Bxc3+ 7. bxc3 d6 8.
O-O O-O 9. Bg5 h6 10. Bh4 Nbd7 11. Nb5 Qb6 12. Bg3 Ne5 13. Rb1 Qc5 14. Qd2 a6
15. Nd4 b5 16. Kh1 Bb7 17. f3 Rac8 18. Nb3 1/2-1/2

[Event "Mistrovstvi CR senioru nad 60 let"]
[Site "Rychnov nad Kneznou"]
[Date "2015.08.19"]
[Round "5.23"]
[White "Bainhofner, Jiri"]
[Black "Lexa, Vaclav"]
[Result "1/2-1/2"]
[WhiteElo "1761"]
[BlackElo "1880"]
[PlyCount "44"]
[EventDate "2015.08.15"]

1. e4 c5 2. Nc3 e6 3. f4 d5 4. Bb5+ Nc6 5. d3 Bd7 6. exd5 exd5 7. Qe2+ Nce7 8.
Bxd7+ Qxd7 9. Nf3 f6 10. O-O Kf7 11. Bd2 Nf5 12. Rae1 Nge7 13. Nd1 g6 14. c3
Re8 15. Qf2 Nc6 16. Rxe8 Qxe8 17. g4 Ng7 18. g5 f5 19. Ne3 Qd7 20. c4 d4 21.
Nd5 Nh5 22. Re1 Bd6 1/2-1/2

[Event "Mistrovstvi CR senioru nad 60 let"]
[Site "Rychnov nad Kneznou"]
[Date "2015.08.19"]
[Round "5.25"]
[White "Brhlik, Antonin"]
[Black "Perik, Alois"]
[Result "0-1"]
[WhiteElo "1725"]
[BlackElo "1862"]
[PlyCount "90"]
[EventDate "2015.08.15"]

1. e4 c6 2. d4 d5 3. Nc3 dxe4 4. Nxe4 Bf5 5. Ng3 Bg6 6. Nf3 e6 7. h4 h6 8. h5
Bh7 9. Bd3 Bxd3 10. Qxd3 Nf6 11. Bd2 Bd6 12. Ne4 Nxe4 13. Qxe4 Nd7 14. O-O-O
Nf6 15. Qe2 Qc7 16. g3 O-O-O 17. c4 c5 18. Bc3 Rhe8 19. Kb1 Kb8 20. dxc5 Qxc5
21. Rxd6 Rxd6 22. Be5 Red8 23. Rd1 Ne8 24. Bxd6+ Rxd6 25. Rxd6 Nxd6 26. Qe5
Qxe5 27. Nxe5 f6 28. Nd7+ Kc8 29. Nc5 e5 30. b3 b6 31. Nd3 Ne4 32. Kc2 Kd7 33.
a3 a5 34. b4 axb4 35. axb4 Kd6 36. Kd1 f5 37. f4 exf4 38. Nxf4 Nxg3 39. Kd2 Ke5
40. Nd5 b5 41. Nc3 bxc4 42. Ke3 Nxh5 43. b5 f4+ 44. Kf3 g5 45. b6 Kd6 0-1

[Event "Mistrovstvi CR senioru nad 70 let a nad "]
[Site "Rychnov nad Kneznou"]
[Date "2015.08.19"]
[Round "5.1"]
[White "Pojedziniec, Wladyslaw"]
[Black "Pecka, Frantisek"]
[Result "1/2-1/2"]
[WhiteElo "2048"]
[BlackElo "2069"]
[PlyCount "22"]
[EventDate "2015.08.15"]

1. d4 d5 2. c4 e6 3. Nc3 c6 4. e3 Nf6 5. Nf3 Nbd7 6. Qc2 Bd6 7. Bd3 O-O 8. O-O
dxc4 9. Bxc4 e5 10. dxe5 Nxe5 11. Nxe5 Bxe5 1/2-1/2

[Event "Mistrovstvi CR senioru nad 70 let a nad "]
[Site "Rychnov nad Kneznou"]
[Date "2015.08.19"]
[Round "5.2"]
[White "Mesiarik, Rudolf"]
[Black "Volf, Jaroslav"]
[Result "1-0"]
[WhiteElo "2049"]
[BlackElo "2045"]
[PlyCount "109"]
[EventDate "2015.08.15"]

1. Nf3 Nf6 2. c4 c5 3. g3 g6 4. Bg2 Bg7 5. Nc3 Nc6 6. O-O O-O 7. d4 cxd4 8.
Nxd4 Qb6 9. Nb3 d6 10. Be3 Qd8 11. c5 Ng4 12. Bf4 e5 13. Bc1 dxc5 14. Nxc5 Qe7
15. Nd3 Be6 16. h3 Nf6 17. Be3 Rfd8 18. Qa4 Nd5 19. Bc5 Qe8 20. Kh2 Nxc3 21.
bxc3 Bd5 22. e4 Be6 23. Rfd1 b6 24. Be3 Na5 25. Qxe8+ Rxe8 26. Nb4 Rac8 27. Nd5
Bxd5 28. exd5 Rxc3 29. Rac1 e4 30. Rxc3 Bxc3 31. d6 Bf6 32. d7 Rd8 33. Bf4 Kf8
34. Bc7 Nc4 35. Bxd8 Bxd8 36. Bxe4 Ke7 37. Bc6 a6 38. Bb7 Ne5 39. Bc8 a5 40.
Kg2 a4 41. Rd4 a3 42. Ra4 Bc7 43. Rxa3 Nxd7 44. Re3+ Kd8 45. Bb7 Bd6 46. Bc6
Ne5 47. Bb5 f6 48. f4 Bc5 49. Re2 Nf7 50. Bc4 Nd6 51. Bg8 h5 52. Re6 h4 53.
Rxf6 hxg3 54. Rxg6 Nf5 55. Rg5 1-0

[Event "Mistrovstvi CR senioru nad 70 let a nad "]
[Site "Rychnov nad Kneznou"]
[Date "2015.08.19"]
[Round "5.3"]
[White "Most, Zdenek"]
[Black "Chmelik, Jiri"]
[Result "1/2-1/2"]
[WhiteElo "2033"]
[BlackElo "1981"]
[PlyCount "52"]
[EventDate "2015.08.15"]

1. d4 Nf6 2. Nf3 e6 3. g3 b6 4. Bg2 Bb7 5. O-O Be7 6. c4 O-O 7. Nc3 Ne4 8. Qc2
Nxc3 9. bxc3 Qc8 10. Rd1 d6 11. a4 a5 12. Rb1 Nd7 13. Be3 f5 14. Qb3 Be4 15.
Rb2 Rb8 16. Qa2 Kh8 17. d5 e5 18. Bh3 Bxf3 19. exf3 Qe8 20. Re1 Qg6 21. Qb1 Bg5
22. Qc1 Bxe3 23. fxe3 Nc5 24. Qd1 Rbe8 25. Qc2 Qf7 26. Bf1 g6 1/2-1/2

[Event "Mistrovstvi CR senioru nad 70 let a nad 80 let"]
[Site "Rychnov nad Kneznou"]
[Date "2015.08.19"]
[Round "5.4"]
[White "Zeman, Ladislav"]
[Black "Vitek, Vaclav"]
[Result "1/2-1/2"]
[WhiteElo "1849"]
[BlackElo "2038"]
[PlyCount "70"]
[EventDate "2015.08.15"]

1. b3 d6 2. Bb2 Bf5 3. f4 Nd7 4. Nf3 h6 5. d3 e6 6. e4 Bh7 7. Qd2 c5 8. g3 Ngf6
9. c4 Qc7 10. Na3 e5 11. Be2 Be7 12. Nb5 Qb8 13. O-O O-O 14. f5 Kh8 15. h3 Ng8
16. Nc3 Qd8 17. h4 Ndf6 18. Kg2 g6 19. Nh2 Qd7 20. g4 Ne8 21. Kg3 g5 22. h5 Bd8
23. Nd5 Nc7 24. Nxc7 Qxc7 25. b4 b6 26. a4 f6 27. Bc3 Ne7 28. Rfb1 Nc6 29. Nf1
Bg8 30. Ne3 a5 31. bxa5 bxa5 32. Nc2 Nb4 33. Na3 Bf7 34. Nb5 Qb6 35. Bd1 Be8
1/2-1/2

[Event "Mistrovstvi CR senioru nad 70 let a nad 80 let"]
[Site "Rychnov nad Kneznou"]
[Date "2015.08.19"]
[Round "5.5"]
[White "Haderka, Karel"]
[Black "Macura, Emil"]
[Result "0-1"]
[WhiteElo "1820"]
[BlackElo "2016"]
[PlyCount "118"]
[EventDate "2015.08.15"]

1. c4 Nf6 2. Nc3 e6 3. g3 d5 4. cxd5 exd5 5. d4 Be7 6. Bg2 c6 7. Nf3 Bf5 8. O-O
Nbd7 9. Bd2 h6 10. Rc1 O-O 11. Bf4 Re8 12. Re1 Bf8 13. h3 Qb6 14. g4 Bh7 15.
Qb3 g5 16. Be3 Bd6 17. Bd2 Ne4 18. e3 Ndf6 19. Na4 Qxb3 20. axb3 Rac8 21. Nc5
Nxd2 22. Nxd2 b6 23. Na4 Kg7 24. Nc3 Ng8 25. e4 Bf4 26. Rcd1 Rcd8 27. Nf1 dxe4
28. Bxe4 Bxe4 29. Rxe4 Rxe4 30. Nxe4 Nf6 31. Nxf6 Kxf6 32. Ne3 Bxe3 33. fxe3 c5
34. Kf2 Ke6 35. Ke2 cxd4 36. exd4 f5 37. gxf5+ Kxf5 38. Kf3 h5 39. Rd2 Rd5 40.
Ke3 Rd7 41. Rf2+ Kg6 42. Ke4 g4 43. hxg4 hxg4 44. d5 Re7+ 45. Kd4 Rf7 46. Re2
g3 47. Re3 Rf4+ 48. Ke5 Rg4 49. Re1 g2 50. Rg1 Kf7 51. Kd6 Ke8 52. Kc6 Kd8 53.
d6 Rg5 54. b4 b5 55. d7 a6 56. Kd6 Rg6+ 57. Ke5 Kxd7 58. Kf4 Ke6 59. Kf3 Kd5
0-1

[Event "Mistrovstvi CR senioru nad 70 let a nad 80 let"]
[Site "Rychnov nad Kneznou"]
[Date "2015.08.19"]
[Round "5.6"]
[White "Skokan, Zdenek"]
[Black "Tolar, Jan"]
[Result "1-0"]
[WhiteElo "1995"]
[BlackElo "1653"]
[PlyCount "83"]
[EventDate "2015.08.15"]

1. e4 d5 2. exd5 Nf6 3. d4 Nxd5 4. Nf3 Bg4 5. Bc4 e6 6. c3 Be7 7. Nbd2 Nd7 8.
O-O N7b6 9. Bb3 O-O 10. Re1 Re8 11. h3 Bh5 12. Nf1 Rc8 13. Ng3 Bg6 14. Ne5 c5
15. Nxg6 hxg6 16. dxc5 Bxc5 17. Ne4 Be7 18. Be3 Nxe3 19. Rxe3 Qxd1+ 20. Rxd1
Rcd8 21. Red3 Rxd3 22. Rxd3 Rd8 23. Rxd8+ Bxd8 24. Nd6 Nd7 25. Nxb7 Bb6 26. Nd6
Ne5 27. Nc4 Nd3 28. Nxb6 axb6 29. Kf1 Nxb2 30. Ke2 b5 31. Kd2 Kf8 32. Kc2 Nc4
33. Bxc4 bxc4 34. Kb2 Ke7 35. Ka3 Kd6 36. Kb4 Kd5 37. Kb5 e5 38. a4 f5 39. a5
f4 40. a6 e4 41. a7 Ke5 42. a8=Q 1-0

[Event "Mistrovstvi CR senioru nad 70 let a nad 80 let"]
[Site "Rychnov nad Kneznou"]
[Date "2015.08.19"]
[Round "5.7"]
[White "Csizmadia, Lajos"]
[Black "Laszkiewicz, Jerzy"]
[Result "1/2-1/2"]
[WhiteElo "1826"]
[BlackElo "1935"]
[PlyCount "47"]
[EventDate "2015.08.15"]

1. e4 c5 2. Nf3 Nc6 3. d4 cxd4 4. Nxd4 e5 5. Nb5 d6 6. c4 a6 7. N5a3 Be7 8. Nc3
Be6 9. Nd5 Nf6 10. Nxe7 Qxe7 11. Bg5 Rd8 12. Qc2 h6 13. Bxf6 Qxf6 14. Qd2 O-O
15. Rd1 Qg6 16. f3 f5 17. Bd3 Qf7 18. b3 f4 19. h4 Rc8 20. Qf2 Qc7 21. O-O Rf6
22. Rd2 Rg6 23. Rfd1 Rd8 24. Bf1 1/2-1/2

[Event "Mistrovstvi CR senioru nad 70 let a nad 80 let"]
[Site "Rychnov nad Kneznou"]
[Date "2015.08.19"]
[Round "5.8"]
[White "Pavlicek, Petr"]
[Black "Glembek, Bohumir"]
[Result "1-0"]
[WhiteElo "1931"]
[BlackElo "1817"]
[PlyCount "77"]
[EventDate "2015.08.15"]

1. d4 Nf6 2. c4 g6 3. g3 d5 4. cxd5 Nxd5 5. Bg2 Bg7 6. Nf3 O-O 7. O-O Nd7 8. e4
N5f6 9. Nc3 Nb6 10. h3 h6 11. Qe2 Bd7 12. Rd1 Qc8 13. Kh2 Re8 14. Ne5 c6 15. a4
a5 16. Be3 Qc7 17. Bf4 Nh5 18. Nxg6 Nxf4 19. Nxf4 e5 20. Nh5 exd4 21. Nxg7 Kxg7
22. Rxd4 Bf5 23. Qd2 Bg6 24. Rd1 c5 25. Nd5 Nxd5 26. Rxd5 Bxe4 27. Qc3+ Kg8 28.
Rxc5 Qb6 29. Bxe4 Rxe4 30. Rf5 Re2 31. Qf3 Re7 32. Rb5 Qc6 33. Qxc6 bxc6 34.
Rb6 Re2 35. Kg2 Rc2 36. Rd6 Re8 37. Rdxc6 Rd2 38. Rxh6 Ree2 39. Rhf6 1-0

[Event "Mistrovstvi CR senioru nad 70 let a nad 80 let"]
[Site "Rychnov nad Kneznou"]
[Date "2015.08.19"]
[Round "5.9"]
[White "Bohuslav, Jan"]
[Black "Reichmann, Pavel"]
[Result "1-0"]
[WhiteElo "1961"]
[BlackElo "1779"]
[PlyCount "49"]
[EventDate "2015.08.15"]

1. e4 c6 2. d4 d5 3. Nd2 dxe4 4. Nxe4 Nf6 5. Nxf6+ gxf6 6. Be3 Bf5 7. Qd2 e5 8.
O-O-O Nd7 9. dxe5 Nxe5 10. Qc3 Qc7 11. h3 Be7 12. Ne2 Rg8 13. Nd4 Bg6 14. f4
Be4 15. fxe5 Qxe5 16. Ne2 Qf5 17. Nd4 Qc8 18. Bf4 Kf8 19. Qe3 f5 20. Rg1 h5 21.
g4 Bc5 22. Bh6+ Ke8 23. Bg2 hxg4 24. Bxe4 Bxd4 25. Bxc6+ 1-0

[Event "Mistrovstvi CR senioru nad 70 let a nad 80 let"]
[Site "Rychnov nad Kneznou"]
[Date "2015.08.19"]
[Round "5.10"]
[White "Kostalek, Vlastislav"]
[Black "Mutina, Antonin"]
[Result "1-0"]
[WhiteElo "1629"]
[BlackElo "1847"]
[PlyCount "77"]
[EventDate "2015.08.15"]

1. e4 c6 2. d4 d5 3. exd5 cxd5 4. Nf3 Nc6 5. Be2 Bf5 6. c3 e6 7. Be3 Nf6 8. h3
Bd6 9. Nbd2 O-O 10. O-O a5 11. a3 Qc7 12. Rc1 Bf4 13. c4 Rad8 14. c5 Ne4 15.
Nh4 Rfe8 16. Nxf5 exf5 17. Nf3 Re6 18. Bxf4 Qxf4 19. Bb5 Ng5 20. Nxg5 Qxg5 21.
Bxc6 bxc6 22. Re1 Rg6 23. Qf3 h6 24. Rc2 a4 25. Rce2 Kh7 26. Re5 Qd2 27. Qc3
Qf4 28. Qe3 Qg5 29. Qxg5 Rxg5 30. Re7 Rb8 31. R1e2 Rb3 32. R7e3 Rb5 33. Re7 Kg6
34. Ra7 Rb3 35. Kf1 Rd3 36. Rxa4 Rd1+ 37. Re1 Rxe1+ 38. Kxe1 Rxg2 39. Ra6 {za
dalsich 11 tahu skoncila partie vyhrou bileho} 1-0

[Event "Mistrovstvi CR senioru nad 50 let"]
[Site "Rychnov nad Kneznou"]
[Date "2015.08.20"]
[Round "6.1"]
[White "Marinov, Peter"]
[Black "Urban, Zdenek"]
[Result "0-1"]
[WhiteElo "1776"]
[BlackElo "2128"]
[PlyCount "86"]
[EventDate "2015.08.15"]

1. d4 d5 2. e3 Nf6 3. Bd3 c5 4. c3 e6 5. f4 Nc6 6. Nf3 Ne4 7. Nbd2 f5 8. O-O
Bd6 9. Ne5 Nxe5 10. fxe5 Be7 11. Nf3 O-O 12. dxc5 Bxc5 13. Nd4 Qc7 14. Rf3 Qxe5
15. Rh3 Rf7 16. Qh5 g6 17. Qh4 Bd7 18. Nf3 Qf6 19. Qf4 Bd6 20. Qh6 Qg7 21. Bxe4
Qxh6 22. Rxh6 fxe4 23. Ng5 Re7 24. Bd2 Bb5 25. c4 Bxc4 26. Bc3 Rf8 27. Nxh7
Rxh7 28. Rxg6+ Kf7 29. Rf6+ Ke7 30. Rxf8 Kxf8 31. g3 Be2 32. Rc1 Rc7 33. Rc2
Bf3 34. Rf2 Bc5 35. Be5 Rc6 36. Rxf3+ exf3 37. Kf2 Ke7 38. Kxf3 a5 39. a3 b5
40. h4 Bd6 41. Bc3 b4 42. axb4 axb4 43. Bd4 e5 0-1

[Event "Mistrovstvi CR senioru nad 50 let"]
[Site "Rychnov nad Kneznou"]
[Date "2015.08.20"]
[Round "6.2"]
[White "Kozak, Milos"]
[Black "Kuru, Martin"]
[Result "1-0"]
[WhiteElo "2160"]
[BlackElo "1935"]
[PlyCount "55"]
[EventDate "2015.08.15"]

1. d4 d5 2. c4 c6 3. Nf3 Nf6 4. e3 e6 5. Nc3 Be7 6. Bd3 Nbd7 7. O-O dxc4 8.
Bxc4 O-O 9. e4 b5 10. Bd3 a6 11. Qe2 Bb7 12. e5 Nd5 13. Qe4 g6 14. Bh6 Re8 15.
Nxd5 cxd5 16. Qf4 Bf8 17. Bg5 Be7 18. Rfe1 Bxg5 19. Nxg5 Qe7 20. Re3 h6 21. Nh3
Kg7 22. Rg3 Rac8 23. Qg4 Nf8 24. Nf4 Qg5 25. Qf3 Qe7 26. Nh5+ Kh8 27. Nf6 Red8
28. Qe3 1-0

[Event "Mistrovstvi CR senioru nad 50 let"]
[Site "Rychnov nad Kneznou"]
[Date "2015.08.20"]
[Round "6.3"]
[White "Elias, Miroslav"]
[Black "Jagiela, Piotr"]
[Result "1-0"]
[WhiteElo "2083"]
[BlackElo "1696"]
[PlyCount "97"]
[EventDate "2015.08.15"]

1. e4 d6 2. d4 g6 3. Nf3 Bg7 4. Bc4 e6 5. O-O Ne7 6. c3 O-O 7. Re1 b6 8. a4 a5
9. Na3 c6 10. Bf4 Na6 11. Qd2 Nc7 12. Rad1 d5 13. Bd3 Ba6 14. Bxa6 Rxa6 15. e5
b5 16. b3 Qd7 17. Bg5 Rb8 18. Qf4 bxa4 19. bxa4 Rb3 20. Nb1 Ne8 21. Qh4 Nc8 22.
Nfd2 Rb7 23. Re3 Ne7 24. g4 Kf8 25. Qxh7 Ng8 26. Rf3 c5 27. Qxg6 Qxa4 28. Re1
cxd4 29. Qd3 Rab6 30. cxd4 Qb5 31. Qh7 Qb2 32. Be3 Rc6 33. h4 Rc1 34. Rxc1
Qxc1+ 35. Kg2 Rc7 36. g5 Qc2 37. g6 f5 38. exf6 Ngxf6 39. Bh6 Bxh6 40. Qxh6+
Kg8 41. h5 Rg7 42. Qg5 Ne4 43. Qd8 Qc6 44. Nxe4 dxe4 45. Rc3 Qa4 46. Rc8 Kf8
47. Qd6+ Re7 48. g7+ Kf7 49. g8=Q+ 1-0

[Event "Mistrovstvi CR senioru nad 50 let"]
[Site "Rychnov nad Kneznou"]
[Date "2015.08.20"]
[Round "6.4"]
[White "Malinovsky, Petr"]
[Black "Humlicek, Vojtech"]
[Result "0-1"]
[WhiteElo "2006"]
[BlackElo "2012"]
[PlyCount "78"]
[EventDate "2015.08.15"]

1. d4 Nf6 2. c4 e6 3. Nc3 d5 4. cxd5 exd5 5. Bg5 Be7 6. e3 c6 7. Bd3 h6 8. Bh4
O-O 9. Qc2 Re8 10. Nge2 Nh5 11. Bg3 Nd7 12. O-O-O Ndf6 13. f3 Nxg3 14. hxg3 c5
15. g4 Bxg4 16. fxg4 Nxg4 17. Rde1 Nxe3 18. Qa4 c4 19. Bc2 Nxg2 20. Reg1 Bg5+
21. Kb1 Ne3 22. Bd1 a6 23. b4 b5 24. Qa3 a5 25. Qb2 axb4 26. Qxb4 Nxd1 27. Rxd1
Be7 28. Qb2 b4 29. Qc2 bxc3 30. Nxc3 Bg5 31. Rdg1 Qb6+ 32. Ka1 Qb3 33. Qxb3
cxb3 34. a4 Bd2 35. Nxd5 Re6 36. Kb2 Rxa4 37. Nc7 Rb6 38. d5 Ra2+ 39. Kb1 Bc3
0-1

[Event "Mistrovstvi CR senioru nad 50 let"]
[Site "Rychnov nad Kneznou"]
[Date "2015.08.20"]
[Round "6.5"]
[White "Dolezal, Rudolf"]
[Black "Korinkova, Eva"]
[Result "1-0"]
[WhiteElo "1758"]
[BlackElo "1734"]
[PlyCount "99"]
[EventDate "2015.08.15"]

1. d4 Nf6 2. c4 g6 3. Nc3 Bg7 4. Nf3 O-O 5. e4 d6 6. Be2 Nbd7 7. O-O e5 8. d5
Nc5 9. Bg5 h6 10. Bxf6 Qxf6 11. b4 Nd7 12. h3 a6 13. Qd2 Qf4 14. g3 Qxd2 15.
Nxd2 f5 16. Kh2 Nf6 17. Rac1 Kh7 18. c5 Rf7 19. f3 Bd7 20. Nc4 dxc5 21. bxc5
Ng8 22. Rb1 Bb5 23. a4 Bxc4 24. Bxc4 Bf8 25. Kg2 Bxc5 26. Rxb7 Bd6 27. Rfb1 Nf6
28. R1b6 Nd7 29. Rxa6 Raf8 30. Rb2 Nc5 31. Ra7 fxe4 32. fxe4 Rf3 33. Nb5 Nxe4
34. Nxd6 Nxd6 35. Rxc7+ R3f7 36. Rxf7+ Rxf7 37. Be2 Kg7 38. a5 Ra7 39. a6 Kf6
40. Rb6 Ke7 41. Bd3 g5 42. Kf3 Kd7 43. Kg4 e4 44. Be2 Kc7 45. Rc6+ Kd7 46. Kh5
Nf5 47. Bg4 e3 48. Bxf5+ Kd8 49. Bd3 Rd7 50. Be2 1-0

[Event "Mistrovstvi CR senioru nad 50 let"]
[Site "Rychnov nad Kneznou"]
[Date "2015.08.20"]
[Round "6.6"]
[White "Zmeskal, Stanislav"]
[Black "Papacek, Milos"]
[Result "1/2-1/2"]
[WhiteElo "1713"]
[BlackElo "1777"]
[PlyCount "42"]
[EventDate "2015.08.15"]

1. e4 e5 2. f4 Bc5 3. Nf3 d6 4. Nc3 Nc6 5. Na4 Bg4 6. Bb5 Bb6 7. Nxb6 cxb6 8.
O-O a6 9. Bxc6+ bxc6 10. d4 f6 11. fxe5 dxe5 12. Be3 Qc7 13. c3 exd4 14. cxd4
Be6 15. Rc1 Qb7 16. b3 Ne7 17. e5 O-O 18. exf6 Rxf6 19. Bg5 Rf7 20. Qe2 Bd5 21.
Rce1 Ng6 1/2-1/2